| 000 | 00544nam a22001817a 4500 | ||
|---|---|---|---|
| 003 | OSt | ||
| 005 | 20180116183051.0 | ||
| 008 | 160812b xxu||||| |||| 00| 0 eng d | ||
| 022 | _20 | ||
| 040 | _c0 | ||
| 082 | _a190.82 AIK 1962 | ||
| 100 | _aAiken , Henry D. | ||
| 245 |
_aThe Age of Ideology : _bThe 19th Century Philosophers selected with introducation and interpretive commentary _cHenry D.Aiken |
||
| 260 |
_arawalpindi _bNational Book Foundation _c1962 |
||
| 300 |
_a283 p. _bPB |
||
| 440 | _aThe Age of Ideology : | ||
| 942 |
_2ddc _cBK |
||
| 999 |
_c351619 _d351619 |
||